00570nam a2200097Ia 4500008004100000245007700041260003600118650026000154650001400414856004400428171212s9999 xx 000 0 und d ceditor Seltzer, Robert;Cohen, Norman S.aThe Americanization of the Jews bNew York University Pressc1995 aJews -- United States -- Identity -- Congresses; Jews -- Cultural assimilation -- United States -- Congresses; Jews -- United States -- Politics and government -- Congresses; Judaism -- United States -- Congresses; United States -- Ethnic relations -- Con aSociology uhttp://www.jstor.org/stable/j.ctt9qfzxz